000 01174cam a22001814a 4500
005 20250605164355.0
008 250528s ||||||||||||||||||||||||d
035 _a24313
040 _aGR-AtMCL
_bgre
_dGR-AtMCL
_eAACR2
245 1 _aΕπιστήμη των Πολιτών: Οι Πολίτε; Παίρνουν την Επιστήμη στα Χέρια τους
260 _bΚαινοτομία Έρευνα Και Τεχνολογία,
_c2016
300 _a32
520 _aΣημαντικές Ελληνικές Διακρίσεις στο Πρόγραμμα LIFE 2015 για το Περιβάλλον, Νέος Ιστότοπος από τη NASA με Ανοικτή Πρόσβαση στα Ερευνητικά Αποτελέσματα, Athens Social Atlas: Η Κοινωνική Γεωγραφία της Πόλης σε μια Δυναμική Διαδικτυακή Πλατφόρμα, Υψηλή Συμμετοχή της Ελλάδας στο Ευρωπαϊκό Πρόγραμμα Ορίζοντας 2020 για Έρευνα και Καινοτομία.
700 1 _aΣαχίνη Εύη
_99352
942 _cCR
999 _c9202
_d9202